000
00304nam a22001217a 4500
008
230717b xxu||||| |||| 00| 0 eng d
082
_a
370.2
_b
EST
110
_b
Express Communication Ltd
245
_a
Kenya Education Directory
260
_b
Express Communication Ltd
300
_a
448p
942
_2
ddc
_c
BK
999
_c
3975
_d
3975